| 000 | 00608nam a2200205 a 4500 | ||
|---|---|---|---|
| 001 | 3067 | ||
| 003 | CDMR | ||
| 005 | 20131211121131.0 | ||
| 008 | 130130s1977||||||||||||||||||||||||||||d | ||
| 040 |
_aCDMR _bcat _cCDMR |
||
| 100 | 1 |
_aRivadeneira Prada, Raúl _92241 |
|
| 245 | 1 | 0 |
_aPeriodismo _b: la teoría general de los sistemas y la ciencia de la comunicación _cRaúl Rivadeneira Prada |
| 260 |
_aMéxico _c1977 _bTrillas |
||
| 300 | _a284 p. | ||
| 650 | 0 | 4 |
_91545 _aPremsa |
| 650 | 0 | 4 |
_93504 _aComunicació escrita |
| 650 | 0 | 4 |
_94193 _aGèneres periodístics |
| 650 | 0 | 4 |
_94501 _aActualitat |
| 942 |
_cMON _2udc |
||
| 999 |
_c3067 _d3067 |
||